The Government of the United States (Record no. 7110)
[ view plain ]
| 000 -LEADER | |
|---|---|
| fixed length control field | 00439 a2200145 4500 |
| 082 ## - DEWEY DECIMAL CLASSIFICATION NUMBER | |
| Classification number | 320.973 |
| 090 ## - LOCALLY ASSIGNED LC-TYPE CALL NUMBER (OCLC); LOCAL CALL NUMBER (RLIN) | |
| -- | 3195 |
| -- | 3195 |
| 100 ## - MAIN ENTRY--PERSONAL NAME | |
| Personal name | Munro , William Bennett |
| 245 ## - TITLE STATEMENT | |
| Title | The Government of the United States |
| Medium | William Bennett Munro |
| 260 ## - PUBLICATION, DISTRIBUTION, ETC. | |
| Place of publication, distribution, etc. | New Delhi: |
| Name of publisher, distributor, etc. | Cosmo Publications, |
| Date of publication, distribution, etc. | 2007. |
| 300 ## - PHYSICAL DESCRIPTION | |
| Extent | ix, 794p. ; |
| Other physical details | ill. ; |
| Dimensions | 23cm. |
| 500 ## - GENERAL NOTE | |
| General note | Includes Index |
| 650 ## - SUBJECT ADDED ENTRY--TOPICAL TERM | |
| Topical term or geographic name entry element | United States-- Government and politics |
| 942 ## - ADDED ENTRY ELEMENTS (KOHA) | |
| Koha item type | Book |
| Call number prefix | 320.973 MUN |
| Withdrawn status | Lost status | Damaged status | Not for loan | Collection code | Permanent Location | Current Location | Shelving location | Date acquired | Source of acquisition | Cost, normal purchase price | Total Checkouts | Total Renewals | Full call number | Barcode | Date last seen | Date last checked out | Price effective from | Koha item type |
|---|---|---|---|---|---|---|---|---|---|---|---|---|---|---|---|---|---|---|
| Central Library (CL) | Central Library (CL) | General Stacks | 04/30/2008 | Donation | 0.00 | 3 | 1 | 320.973 MUN | SEECS009033 | 09/14/2021 | 07/06/2021 | 01/05/2017 | Book | |||||
| Central Library (CL) | Central Library (CL) | General Stacks | 04/30/2008 | Donation | 0.00 | 320.973 MUN | SEECS009036 | 11/14/2012 | 01/05/2017 | Book | ||||||||
| Central Library (CL) | Central Library (CL) | General Stacks | 05/14/2008 | Donation | 0.00 | 320.973 MUN | SEECS009125 | 11/14/2012 | 01/05/2017 | Book | ||||||||
| NUST Law School (NLS) | NUST Law School (NLS) | General Stacks | 05/14/2008 | Donation | 0.00 | 320.973 MUN | SEECS009126 | 11/14/2012 | 01/05/2017 | Book |
